| 000 | 01405cam a2200361 i 4500 | ||
|---|---|---|---|
| 001 | 768714001 | ||
| 003 | CO-MdFUSB | ||
| 005 | 20260303211549.0 | ||
| 007 | ta | ||
| 008 | 171116t1985 -us||||| |||| 00| | spa d | ||
| 020 | _a0-8297-1418-9 | ||
| 040 |
_aCO-MdFUSB _bspa _cCO-MdFUSB _dCO-MdFUSBC _erda |
||
| 041 | 0 | _aspa | |
| 041 | 0 | _aeng | |
| 082 | 0 | 4 |
_223 _aG 225.9 _bP1196m |
| 240 | _aWorld of the New Testament | ||
| 245 | 3 |
_aEl mundo del Nuevo Testamento _c/ editado por : James I. Packer, Merril C. Tenney, William White, Jr., ; traducido por Francisco Liévano R. |
|
| 264 | 1 |
_aMiami, FL, USA : _bVida, _c[1985] |
|
| 264 | 4 | _c©1985 | |
| 300 |
_a189 páginas _c; 21 cm |
||
| 336 |
_2rdacontent _atexto _btxt |
||
| 337 |
_2rdamedia _asin mediación _bn |
||
| 338 |
_2rdacarrier _avolumen _bnc |
||
| 505 | _aHistoria del Nuevo Testamento -- Cronología del Nuevo Testamento -- Los griegos y el helenismo -- Los romanos -- Los judíos en los tiempos del Nuevo Testamento -- Jesucristo -- Los apóstoles -- La iglesia primitiva -- Pablo y sus viajes | ||
| 563 | _aRustico | ||
| 630 | 0 | 7 |
_aBiblia. _pNuevo Testamento _xCrítica, interpretación, etc. |
| 700 |
_98330 _aPacker, James I. _eeditor |
||
| 700 | 1 |
_9650 _aTenney, Merrill C. _d1904-1985 _eeditor |
|
| 700 |
_98007 _aWhite, William, Jr., _eeditor |
||
| 700 |
_98345 _aLiévano, Francisco _eTraductor |
||
| 942 | _cBK | ||
| 945 | _aMag1104 | ||
| 999 |
_c32252 _d32252 |
||